Statistics for 1992 Dream Team Roster

Click here to take the quiz!

General Stats

  • This quiz has been taken 39 times
  • The average score is 10 of 13

Answer Stats

Answer% Correct
SGMichael Jordan
100%
PGMagic Johnson
96%
SFScottie Pippen
96%
PFCharles Barkley
89%
SFLarry Bird
86%
CPatrick Ewing
86%
CDavid Robinson
82%
PGJohn Stockton
82%
PFKarl Malone
79%
SFChris Mullin
68%
PFChristian Laettner
68%
SGClyde Drexler
61%
CoachChuck Daly
43%

Score Distribution

Percentile by Number Answered

Percent of People with Each Score

Your Score History

You have not taken this quiz